International routes from Kempegowda International Airport (BLR) - Statistics

General Stats
  • This quiz has been taken 19 times
    5 since last reset
  • The average score is 55 of 56
Answer Stats
Airline International Route Country % Correct
Air India Express Abu Dhabi United Arab Emirates
100%
Akasa Air Abu Dhabi United Arab Emirates
100%
Etihad Airways Abu Dhabi United Arab Emirates
100%
IndiGo Abu Dhabi United Arab Emirates
100%
Ethiopian Airlines Addis Ababa Ethiopia
100%
KLM Amsterdam Netherlands
100%
Gulf Air Bahrain Bahrain
100%
Thai Air Asia Bangkok-Don Mueang Thailand
100%
Thai Lion Air Bangkok-Don Mueang Thailand
100%
IndiGo Bangkok-Survarnabhumi Thailand
100%
Thai Airways International Bangkok-Suvarnabhumi Thailand
100%
IndiGo Colombo Sri Lanka
100%
Sri Lankan Airlines Colombo Sri Lanka
100%
Air India Express Damman/Dammam Saudi Arabia
100%
Qatar Airways Doha Qatar
100%
Emirates Dubai-International United Arab Emirates
100%
IndiGo Dubai-International United Arab Emirates
100%
Lufthansa Frankfurt Germany
100%
Cathay Pacific Hong Kong Hong Kong
100%
Air India Express Jeddah Saudi Arabia
100%
Akasa Air Jeddah Saudi Arabia
100%
IndiGo Jeddah Saudi Arabia
100%
Saudia Jeddah Saudi Arabia
100%
Air India Express Kathmandu Nepal
100%
Nepal Airlines Kathmandu Nepal
100%
IndiGo Krabi Thailand
100%
Air Asia Kuala Lumpur-International Malaysia
100%
Batik Air Malaysia Kuala Lumpur-International Malaysia
100%
IndiGo Kuala Lumpur-International Malaysia
100%
Malaysia Airlines Kuala Lumpur-International Malaysia
100%
Air India Express Kuwait City Kuwait
100%
Jazzera Airways Kuwait City Kuwait
100%
Kuwait Airways Kuwait City Kuwait
100%
Air India London-Heathrow United Kingdom
100%
British Airways London-Heathrow United Kingdom
100%
Virgin Atlantic London-Heathrow United Kingdom
100%
IndiGo Male Maldives
100%
Gulf Air Manama Bahrain
100%
Lufthansa Munich Germany
100%
Oman Air Muscat Oman
100%
Salam Air Muscat Oman
100%
Air France Paris-Charles de Gualle France
100%
Bhutan Airlines Paro Bhutan
100%
Akasa Air Phuket Thailand
100%
IndiGo Phuket Thailand
100%
IndiGo Port Louis Mauritius
100%
IndiGo Port Louis Mauritius
100%
IndiGo Riyadh Saudi Arabia
100%
Air Arabia Sharjah United Arab Emirates
100%
Air India Singapore Singapore
100%
IndiGo Singapore Singapore
100%
Singapore Airlines Singapore Singapore
100%
Qantas Sydney Australia
100%
Japan Airlines Tokyo-Narita Japan
100%
IndiGo Langkawi Malaysia
75%
IndiGo Bali Indonesia
50%
No matching quizzes found
Score Distribution
Percent of People with Each Score
Percentile by Number Answered
Your Score History
You have not taken this quiz since the last reset